000 00679nam a2200217 u 4500
005 20240228064339.0
008 190604s2009 r 000 0 eng d
020 _a9788467529654
035 _aUPN01000230961
049 _aI
050 4 _aPZ21
_bL3.2
100 1 _aLaval, Thierry,
_d1968-
_942952
245 1 0 _aBusca y encuentra en la historia /
_cThierry Laval ; tr. Teresa Tellechea.
260 _aMadrid :
_bSM,
_c2009.
300 _a12 h. plegs. :
_bprincipalmente il. col.
440 0 _aBusca y encuentra
534 _pTítulo original:
_tCherche et trouve dans l'histoire
650 4 _aLibros y lectura para niños
_92290
905 _aInfantil
999 _c203056
_d203056